000 01370cam a2200277 a 4500
001 12102221
005 20210414113853.0
008 000711s2001 caua b 001 0 eng
020 _a076741845X (alk. paper)
040 _aDLC
_cDLC
_dDLC
050 0 0 _aGN320.B62
100 1 _aBodley, John H.
245 1 0 _aAnthropology and contemporary human problems /
_cJohn H. Bodley.
250 _a4th ed.
260 _aLondon:
_bMayfield Pub,
_cc2001.
300 _ax, 278 p. :
_bill. ;
_c23 cm.
504 _aIncludes bibliographical references and index
505 _aContents: Anthropological perspectives on contemporary human problems -- Adaptation, culture scale, and the environmental crises -- Natural resources and the culture of consumption -- Malnutrition and the evolution of food system -- Commercial factory food systems -- The Population problem -- Poverty and conflict -- The Future.
650 0 _aEthnology.
650 0 _aCivilization, Modern
856 4 2 _3Publisher description
_uhttp://www.loc.gov/catdir/description/mh024/00058675.html
856 4 1 _3Table of contents
_uhttp://www.loc.gov/catdir/toc/mh023/00058675.html
906 _a7
_bcbc
_corignew
_d1
_eocip
_f20
_gy-gencatlg
942 _2lcc
_cBK
999 _c206
_d7706